[Event "21st Czech GM Open"]
[Site "Pardubice CZE"]
[Date "2010.07.28"]
[Round "6"]
[White "Korobov,A"]
[Black "Smith,Ax"]
[Result "1-0"]
[WhiteElo "2657"]
[BlackElo "2416"]

1.d4 Nf6 2.c4 g6 3.Nc3 d5 4.cxd5 Nxd5 5.e4 Nxc3 6.bxc3 Bg7 7.Bc4 c5 8.Ne2 Nc6
9.Be3 O-O 10.O-O Na5 11.Bd3 b6 12.Qd2 e5 13.Bh6 cxd4 14.cxd4 exd4 15.Bxg7 Kxg7
16.f4 f6 17.f5 Qd6 18.Nf4 gxf5 19.exf5 Nc6 20.Rae1 Ne5 21.Rxe5 Qxe5 22.Re1 Qc7
23.Qf2 Qf7 24.Qg3+ Kh6 25.Re6 Qc7 26.Qh4+ Kg7 27.Nh5+ Kh8 28.Qxf6+ Rxf6 29.Re8+ Rf8
30.Rxf8+  1-0

[Event "21st Czech GM Open"]
[Site "Pardubice CZE"]
[Date "2010.07.28"]
[Round "6"]
[White "Stella,A"]
[Black "Akesson,R"]
[Result "1/2-1/2"]
[WhiteElo "2310"]
[BlackElo "2470"]

1.d4 Nf6 2.c4 g6 3.Nc3 d5 4.cxd5 Nxd5 5.e4 Nxc3 6.bxc3 Bg7 7.Bc4 c5 8.Ne2 Nc6
9.Be3 O-O 10.O-O Na5 11.Bd3 b6 12.Rc1 e5 13.dxc5 Be6 14.c4 bxc5 15.Bxc5 Bh6
16.Bxf8 Bxc1 17.Nxc1 Kxf8 18.Nb3  1/2-1/2

[Event "21st Czech GM Open"]
[Site "Pardubice CZE"]
[Date "2010.07.29"]
[Round "7"]
[White "Kuljasevic,D"]
[Black "Popilski,G"]
[Result "1/2-1/2"]
[WhiteElo "2551"]
[BlackElo "2451"]

1.d4 Nf6 2.c4 g6 3.Nc3 d5 4.cxd5 Nxd5 5.e4 Nxc3 6.bxc3 Bg7 7.Nf3 c5 8.Be3 Qa5
9.Qd2 O-O 10.Rc1 Rd8 11.d5 e6 12.Bg5 Re8 13.d6 Nd7 14.Bd3 b5 15.O-O c4 16.Bb1 Bb7
17.Rfe1 Qa3 18.Be7 Rxe7 19.dxe7 Qxe7 20.Red1 Nc5 21.Qe3 Na4 22.Nd4 Qc5 23.Bc2 Nb2
24.Rd2 a6 25.Rb1 Qa3 26.Ne2 Rf8 27.e5 Nd3 28.Bxd3 cxd3 29.Rxd3 Qxa2 30.Rbd1 Bd5
31.Nf4 Bh6 32.Qd4 Bb3 33.Re1 Bc4 34.Rg3 Kh8 35.h4 Qc2 36.h5 Qf5 37.Rf3 Qg5
38.hxg6 hxg6 39.Rh3 Kg8 40.Nh5 gxh5 41.Rg3 Qxg3 42.fxg3 a5 43.Qd1 a4 44.Re4 Kg7
45.Rxc4 bxc4 46.Qxa4 Rc8 47.Qd1 Rc5 48.Qxh5 Bd2 49.Qg4+ Kf8 50.Qd4 Rd5 51.Qxc4 Be3+
52.Kf1 Rxe5 53.Ke2 Bc5+ 54.Kd1 Bd6 55.g4 Ke7 56.Kc2 Rc5 57.Qe4 Rd5 58.c4 Re5
59.Qb7+ Kf6 60.Kd3 Bc5 61.Qc7 Re3+ 62.Kd2 Re5 63.Kc2 Be7 64.Kb3 Re3+ 65.Ka4 Re5
66.Qc6 Rc5 67.Qe4 Kg7 68.Qd4+ Kg8 69.Kb3 Rg5 70.Kc2 Rc5 71.Kd3 Rg5 72.Qd7 Kf8
73.Qc8+ Kg7 74.Qb7 Kf8 75.Qe4 Kg7 76.Qf4 Rc5 77.Qd4+ Kg8 78.Ke2 Rg5 79.Kf3 Rc5
80.Qd7 Kf8 81.Qa4 Rg5 82.Qa8+ Kg7 83.Qe8 Bf6 84.Qc8 Be7 85.Qe8 Bf6  1/2-1/2

[Event "Open"]
[Site "Szombathely HUN"]
[Date "2010.07.29"]
[Round "3"]
[White "Tomasic,D"]
[Black "Koban,B"]
[Result "0-1"]
[WhiteElo "2068"]
[BlackElo "2275"]

1.d4 Nf6 2.c4 g6 3.Nc3 d5 4.cxd5 Nxd5 5.e4 Nxc3 6.bxc3 Bg7 7.Bc4 c5 8.Ne2 Nc6
9.Be3 O-O 10.O-O Na5 11.Bd3 b6 12.Rb1 cxd4 13.cxd4 Bb7 14.Qd2 Rc8 15.Rfc1 Qd7
16.Bh6 Rfd8 17.Bxg7 Kxg7 18.f3 Qa4 19.Qb2 Nc4 20.Bxc4 Rxc4 21.d5+ Kg8 22.Rxc4 Qxc4
23.Rc1 Qd3 24.Kf2 Rc8 25.Rxc8+ Bxc8 26.Qc3 Ba6 27.Qxd3 Bxd3 28.Nd4 Kf8 29.a3 Ke8
30.Ke3 Bf1 31.g3 Kd7 32.Nc6 a5 33.Ne5+ Kd6 34.Kd4 f6 35.Nf7+ Kc7 36.e5 fxe5+
37.Kxe5 b5 38.Ng5 b4 39.axb4 axb4 40.Kd4 h6 41.Ne4 Bg2 42.Nd2 Kb6 43.Kc4 Ka5
44.Nb3+ Ka4 45.Nd2 h5 46.Kd3 Ka3 47.Kc2 Ka2 48.h4 Bh1 49.Kd3 b3 50.Ke3 b2
51.Kf4 b1=Q 52.Nxb1 Kxb1 53.Kg5 Bxf3 54.Kxg6 Kc2 55.Kf7 Bxd5+ 56.Kxe7 Kd3
57.Kf6 Bf3 58.Kf5 Bg4+  0-1

[Event "MTO"]
[Site "Biel SUI"]
[Date "2010.07.30"]
[Round "11"]
[White "Kelecevic,N"]
[Black "Nedilko,V"]
[Result "1/2-1/2"]
[WhiteElo "2294"]
[BlackElo "2408"]

1.d4 Nf6 2.c4 g6 3.Nc3 d5 4.cxd5 Nxd5 5.e4 Nxc3 6.bxc3 Bg7 7.Be3 c5 8.Bb5+ Nc6
9.Nf3 O-O 10.Bxc6 bxc6 11.O-O  1/2-1/2

[Event "MTO"]
[Site "Biel SUI"]
[Date "2010.07.30"]
[Round "11"]
[White "Rosenthal,Jon"]
[Black "Codenotti,M"]
[Result "1-0"]
[WhiteElo "2291"]
[BlackElo "2169"]

1.d4 Nf6 2.c4 g6 3.Nc3 d5 4.cxd5 Nxd5 5.e4 Nxc3 6.bxc3 Bg7 7.Nf3 c5 8.Rb1 O-O
9.Be2 Nc6 10.d5 Ne5 11.Nxe5 Bxe5 12.Qd2 e6 13.f4 Bg7 14.c4 Re8 15.e5 f6 16.d6 fxe5
17.Bb2 exf4 18.Bxg7 Kxg7 19.O-O Rf8 20.Rxf4 Rxf4 21.Qxf4 Qf6 22.Qd2 b6 23.Bf3 Rb8
24.d7 Ba6 25.Rd1 Rd8 26.Qc2 Qf4 27.Qc3+ Qf6 28.Qc2 Qf4 29.Qc3+ Kg8 30.Bc6 Bxc4
31.g3 Qg4 32.Bf3 Qf5 33.Qxc4 Qxf3 34.Qxe6+ Qf7 35.Qd6 Rf8 36.Qxf8+  1-0

[Event "97th ch-GBR"]
[Site "Canterbury ENG"]
[Date "2010.07.30"]
[Round "5"]
[White "Combie,A"]
[Black "Krzyzanowski,P"]
[Result "1-0"]
[WhiteElo "2018"]
[BlackElo "2030"]

1.d4 Nf6 2.c4 g6 3.Nc3 d5 4.cxd5 Nxd5 5.e4 Nxc3 6.bxc3 Bg7 7.Nf3 c5 8.Rb1 b6
9.Bb5+ Bd7 10.Be2 Bc6 11.Qd3 O-O 12.O-O Qc7 13.d5 Rd8 14.c4 Bb7 15.Bb2 e5
16.Qc2 Na6 17.a3 Qe7 18.Ne1 Nc7 19.Nd3 Ne8 20.f4 f6 21.fxe5 fxe5 22.Bg4 Bc8
23.Bxc8 Raxc8 24.Bc1 Nd6 25.Nf2 Rf8 26.Bd2 Rf7 27.Nh3 Rcf8 28.Rxf7 Qxf7 29.Be3 h6
30.Nf2 Qe7 31.a4 Qb7 32.Bxc5 Qc7 33.Bxd6 Qxd6 34.Nd3 Bf6 35.c5 bxc5 36.Qxc5 Qd7
37.Qc6 Qg4 38.d6 Qe2 39.Qd5+ Kh8 40.Nxe5 Kh7 41.Nd7  1-0

[Event "Tch-POR 1st Div Final"]
[Site "Vila Nova de Gaia POR"]
[Date "2010.07.30"]
[Round "5"]
[White "Luch,M"]
[Black "Ftacnik,L"]
[Result "0-1"]
[WhiteElo "2387"]
[BlackElo "2551"]

1.d4 Nf6 2.c4 g6 3.Nc3 d5 4.cxd5 Nxd5 5.e4 Nxc3 6.bxc3 Bg7 7.Nf3 c5 8.Be3 Qa5
9.Qd2 Nc6 10.Rc1 cxd4 11.cxd4 Qxd2+ 12.Kxd2 O-O 13.d5 Rd8 14.Ke1 Nb4 15.Bd2 Na6
16.Bd3 e6 17.Bg5 f6 18.Bd2 exd5 19.exd5 Bf8 20.Ke2 Nc5 21.Bc4 a6 22.Be3 b5
23.d6+ bxc4 24.Bxc5 Bxd6 25.Rhd1 Re8+ 26.Be3 Bb4 27.Nd2 c3 28.Nb1 Bb7 29.Nxc3 Rac8
30.Na4 Rxc1 31.Rxc1 Bxg2 32.Nc5 a5 33.f3 Bh3 34.Ne4 Be7 35.Kf2 Rc8 36.Rxc8+ Bxc8
37.Bc5 Kf7 38.Ke3 Be6 39.a3 Bd5 40.Bxe7 Kxe7 41.Nc3 Bc6 42.f4 Ke6 43.Nb1 Kf5
44.Nd2 Bd5 45.Kd4 Ba8 46.Ke3 Kg4 47.Kf2 Kxf4 48.Nb3 Bd5  0-1

[Event "97th ch-GBR"]
[Site "Canterbury ENG"]
[Date "2010.07.31"]
[Round "6"]
[White "Sugden,J"]
[Black "Cumming,R"]
[Result "0-1"]
[WhiteElo "2199"]
[BlackElo "1986"]

1.d4 Nf6 2.c4 g6 3.Nc3 d5 4.cxd5 Nxd5 5.e4 Nxc3 6.bxc3 Bg7 7.Bc4 O-O 8.Ne2 c5
9.O-O Nc6 10.Be3 Qc7 11.Rc1 Rd8 12.Kh1 a6 13.f4 b5 14.Bd3 c4 15.Bb1 e5 16.fxe5 Nxe5
17.Bf4 Qe7 18.Qd2 Bb7 19.Bxe5 Bxe5 20.Ng1 Bg7 21.Qe2 Re8 22.Rce1 a5 23.Nf3 Rac8
24.Qb2 Ba6 25.e5 Rb8 26.Nd2 f5 27.Nf3 Bb7 28.Qxb5 Qc7 29.Qa4 Bd5 30.Qa3 Bh6
31.Bc2 Re6 32.Rb1 Rxb1 33.Rxb1 Rb6 34.Rxb6 Qxb6 35.Qd6 Qb7 36.Bd1 Bxf3 37.gxf3 Qb1
38.Qd8+ Bf8 39.Qd5+ Kh8 40.Qxc4 Qxd1+ 41.Kg2 Qd2+ 42.Kg1 a4 43.Qf7 Qg5+ 44.Kf1 Ba3
45.d5 Qc1+ 46.Ke2 Qc2+ 47.Kf1 Qd3+ 48.Kf2 Qd2+ 49.Kf1 Qd1+  0-1

[Event "21st Czech GM Open"]
[Site "Pardubice CZE"]
[Date "2010.07.31"]
[Round "9"]
[White "Jaracz,P"]
[Black "Rakhmanov,Ale"]
[Result "1/2-1/2"]
[WhiteElo "2541"]
[BlackElo "2590"]

1.d4 Nf6 2.c4 g6 3.Nc3 d5 4.cxd5 Nxd5 5.e4 Nxc3 6.bxc3 Bg7 7.Bc4 c5 8.Ne2 O-O
9.O-O Nc6 10.Be3 Bd7 11.Rb1 Qc7 12.Bf4 Qc8 13.d5 Na5 14.Bd3 e5 15.Be3 f5
16.exf5 gxf5 17.f3 b6 18.Qe1 c4 19.Bc2 f4 20.Bc1 Bf5 21.Be4 Rf6 22.Kh1 Nb7
23.Ba3 Bxe4 24.fxe4 Bf8 25.Bb4 Qg4 26.Ng1 Rg6 27.Rb2 Bxb4 28.cxb4 Nd6 29.Nf3 Re8
30.a4 Rg7 31.Qe2 h5 32.Qe1 Qd7 33.b5 Rg4 34.a5 h4 35.axb6 axb6 36.h3 Rg3
37.Nxh4 Qh7 38.Nf5 Nxf5 39.exf5 Kf7 40.Ra2 Qh4 41.Ra3 e4 42.Kh2 Reg8 43.Rxg3 Qxg3+
44.Qxg3 fxg3+ 45.Kg1 Rd8 46.Rd1 Kf6 47.Kf1 Kxf5 48.d6 Ke5 49.d7 c3 50.Ke2 c2
51.Rc1 Rxd7 52.Rxc2 Ra7 53.h4 Kf4 54.h5 Ra1 55.h6 Rh1 56.Rc6 Rh2 57.Kf1 Rh1+
58.Ke2 Rg1 59.Rf6+ Ke5 60.Rxb6 Rxg2+ 61.Ke3 Rh2 62.Rg6 g2 63.b6 Rxh6 64.Rg5+ Kd6
65.Kxe4 Rh4+ 66.Kf3  1/2-1/2

[Event "21st Czech GM Open"]
[Site "Pardubice CZE"]
[Date "2010.07.31"]
[Round "9"]
[White "Kuljasevic,D"]
[Black "Safarli,E"]
[Result "1/2-1/2"]
[WhiteElo "2551"]
[BlackElo "2603"]

1.d4 Nf6 2.c4 g6 3.Nc3 d5 4.cxd5 Nxd5 5.e4 Nxc3 6.bxc3 Bg7 7.Nf3 c5 8.Be3 Qa5
9.Qd2 Nc6 10.Rb1 a6 11.Rc1 cxd4 12.cxd4 Qxd2+ 13.Kxd2 f5 14.e5 Be6 15.Bc4 Bxc4
16.Rxc4 O-O 17.Ke2 e6 18.Rb1 Rf7 19.g3 Rd7 20.Rb6 h6 21.h4 Rc8 22.Ne1 Rcd8
23.Nd3 Nxd4+ 24.Rxd4 Rxd4 25.Bxd4 Rxd4 26.Rxe6 g5 27.hxg5 hxg5 28.Nc5 Rd5
29.Nxb7 Bxe5 30.Rxa6 Rb5 31.Nd8 Rb2+ 32.Ke3 Bc7 33.Nc6 f4+ 34.gxf4 gxf4+
35.Kf3 Bb6 36.Kxf4 Bxf2 37.Ke5 Kf7 38.a4 Ke8 39.Ke6 Re2+ 40.Ne5 Kd8 41.Rd6+  1/2-1/2

[Event "Open"]
[Site "Szombathely HUN"]
[Date "2010.07.31"]
[Round "5"]
[White "Csiszar,Z"]
[Black "Koban,B"]
[Result "1-0"]
[WhiteElo "2288"]
[BlackElo "2275"]

1.d4 Nf6 2.c4 g6 3.Nc3 d5 4.cxd5 Nxd5 5.e4 Nxc3 6.bxc3 Bg7 7.Bc4 c5 8.Ne2 Nc6
9.Be3 O-O 10.O-O Qc7 11.Rc1 Rd8 12.Qd2 a6 13.f4 b5 14.Bd3 Na5 15.f5 Bb7 16.Bh6 Nc4
17.Qg5 f6 18.Qh4 g5 19.Qh5 Nd2 20.Nf4 gxf4 21.Bxf4 Qd7 22.Bxd2 cxd4 23.c4 Rac8
24.Rf3 Qe8 25.Qh4 Qf7 26.c5 Qxa2 27.Bf4 Rf8 28.Rh3 Rf7 29.Qxh7+ Kf8 30.Bh6 Ke8
31.Bxg7 Kd7 32.Rg3 Bc6 33.Rf1 b4 34.e5 fxe5 35.Qg6 Bd5 36.Bxe5 Rc6 37.Qg4 Rxc5
38.Qxd4 Kc6 39.Rg6+ e6 40.Rxe6+ Kb7 41.Be4 Rd7 42.Qxc5  1-0

[Event "Politiken Cup"]
[Site "Copenhagen DEN"]
[Date "2010.08.01"]
[Round "2"]
[White "Larsen,Mi"]
[Black "Schandorff,L"]
[Result "0-1"]
[WhiteElo "2088"]
[BlackElo "2491"]

1.d4 Nf6 2.c4 g6 3.Nc3 d5 4.cxd5 Nxd5 5.e4 Nxc3 6.bxc3 Bg7 7.Nf3 c5 8.Rb1 O-O
9.Be2 b6 10.O-O Bb7 11.e5 cxd4 12.cxd4 Bd5 13.a4 Nc6 14.Be3 Rc8 15.Ba6 Rc7
16.Ng5 f6 17.exf6 exf6 18.Nh3 g5 19.Bd3 h6 20.Qg4 Ne7 21.Qe2 f5 22.f4 g4
23.Nf2 Qa8 24.Nd1 Rfc8 25.Re1 Be4 26.Nb2 Rc2 27.Bxe4 Qxe4 28.Qf1 Nd5 29.Bf2 Rxf2
30.Kxf2 Qxd4+  0-1

[Event "97th ch-GBR"]
[Site "Canterbury ENG"]
[Date "2010.08.02"]
[Round "7"]
[White "Addison,B"]
[Black "Brown,Mart"]
[Result "1/2-1/2"]
[WhiteElo "2235"]
[BlackElo "2093"]

1.d4 Nf6 2.c4 g6 3.Nc3 d5 4.cxd5 Nxd5 5.e4 Nxc3 6.bxc3 Bg7 7.Bc4 c5 8.Ne2 O-O
9.Be3 Nc6 10.Rc1 cxd4 11.cxd4 Qa5+ 12.Kf1 Qa3 13.Rc3 Qd6 14.h4 Be6 15.Bxe6 Qxe6
16.Qb1 Qd7 17.e5 Rfd8 18.f3 Na5 19.Kf2 Rac8 20.Rxc8 Rxc8 21.h5 Qc6 22.hxg6 Qxg6
23.Qb5 Qa6 24.Qxa6 bxa6 25.Rc1 Rxc1 26.Bxc1 e6 27.f4 Bf8 28.Ke3 Nc6 29.a3 Ne7
30.Kd3 Kg7 31.Nc3 Kg6 32.g4 f6 33.Ke4 fxe5 34.fxe5 h5 35.gxh5+ Kxh5 36.d5 exd5+
37.Nxd5 Nxd5 38.Kxd5 Kg6 39.a4 Kf7 40.Be3 Bb4 41.Bxa7 Bc3 42.Bb8 Ke7 43.Bd6+ Kd7
44.e6+ Kd8 45.Kc6 a5 46.Kb5 Bd2 47.Kc6 Bc3 48.Bc5 Bd2 49.Kb5 Ke8 50.Bb6 Ke7
51.Bxa5 Bg5 52.Kc6 Kxe6 53.Bc3 Bd8 54.Bb4 Kf7 55.Kd7 Bb6 56.Bc3 Kf8 57.Be5 Ba5
58.Bc7 Bc3 59.Bd6+ Kf7 60.Be7 Bd2  1/2-1/2

[Event "19th Open"]
[Site "Kavala GRE"]
[Date "2010.08.02"]
[Round "4"]
[White "Botsari,A"]
[Black "Zinchenko,Ya"]
[Result "1/2-1/2"]
[WhiteElo "2318"]
[BlackElo "2544"]

1.d4 Nf6 2.c4 g6 3.Nc3 d5 4.cxd5 Nxd5 5.e4 Nxc3 6.bxc3 Bg7 7.Be3 c5 8.Qd2 O-O
9.Nf3 Qa5 10.Rc1 Nd7 11.Bd3 e5 12.dxe5 Nxe5 13.Nxe5 Bxe5 14.Bc4 Rd8 15.Bd5 Be6
16.c4 Qxd2+ 17.Kxd2 b6 18.Ke2 Bxd5 19.exd5 Re8 20.Kf3 f5 21.Rhe1 Kf7 22.a4 Bb2
23.Rc2 Bf6 24.Bd2 g5 25.Rcc1 g4+ 26.Kg3 Kg6 27.h3 h5 28.hxg4 fxg4 29.Rxe8 Rxe8
30.Re1 Rxe1 31.Bxe1 Kf5 32.f3 h4+ 33.Kf2 g3+ 34.Kf1 a6 35.Bd2 Be7 36.Bc1 Ke5
37.Bb2+ Kd6 38.f4 b5 39.axb5 axb5 40.Be5+ Kd7 41.cxb5 c4 42.b6 Kc8 43.f5 Bb4
44.Bf6 c3 45.Bxh4 c2 46.Bg5 Ba3 47.Ke2 c1=Q 48.Bxc1 Bxc1 49.Kf3 Kb7 50.Kxg3 Kxb6
51.Kg4 Kc5 52.Kh5 Kxd5 53.Kg6 Ke5 54.f6 Kf4  1/2-1/2

[Event "19th Open"]
[Site "Kavala GRE"]
[Date "2010.08.02"]
[Round "4"]
[White "Sargissian,G"]
[Black "Gupta,Ab"]
[Result "1/2-1/2"]
[WhiteElo "2673"]
[BlackElo "2587"]

1.d4 Nf6 2.c4 g6 3.Nc3 d5 4.cxd5 Nxd5 5.e4 Nxc3 6.bxc3 Bg7 7.Be3 c5 8.Nf3 Qa5
9.Qd2 O-O 10.Rc1 Rd8 11.d5 Nc6 12.h4 e6 13.h5 exd5 14.exd5 Be6 15.c4 Bf5
16.hxg6 hxg6 17.Qxa5 Nxa5 18.Be2 b6 19.Ng5 Re8 20.g4 Bd7 21.Nh7 Nb7 22.g5 Nd6
23.Nf6+ Bxf6 24.gxf6 Ne4 25.Rh4 Nxf6 26.Bf3 Kg7 27.Kd2 Rh8 28.Rxh8 Rxh8 29.Bf4 Re8
30.Re1 Rxe1  1/2-1/2

[Event "Politiken Cup"]
[Site "Copenhagen DEN"]
[Date "2010.08.03"]
[Round "5"]
[White "Thingstad,E"]
[Black "Peschlow,P"]
[Result "0-1"]
[WhiteElo "2142"]
[BlackElo "2311"]

1.d4 Nf6 2.c4 g6 3.Nc3 d5 4.cxd5 Nxd5 5.e4 Nxc3 6.bxc3 Bg7 7.Nf3 c5 8.Rb1 O-O
9.Be2 Nd7 10.O-O Nf6 11.Qd3 b6 12.Be3 Qc7 13.d5 c4 14.Qxc4 Qxc4 15.Bxc4 Nxe4
16.Bd4 Bf5 17.Rbc1 Bh6 18.Rcd1 Rac8 19.Ba6 Rc7 20.Rfe1 Nd6 21.Re2 Be4 22.Be5 Bxf3
23.gxf3 Bg7 24.f4 Rd8 25.c4 Kf8 26.Rde1 Rdd7 27.Bxd6 Rxd6 28.Kg2 Bd4 29.Re4 Bc5
30.R1e2 Rf6 31.Rd2 Bd6 32.Rdd4 Rc5 33.a4 Rf5 34.Bb5 Rc7 35.Bc6 Rh5 36.h3 f5
37.Re6 Kf7 38.f3 Rxc6 39.dxc6 Kxe6 40.a5 Rh4  0-1

[Event "Politiken Cup"]
[Site "Copenhagen DEN"]
[Date "2010.08.03"]
[Round "5"]
[White "Porte,H"]
[Black "Andersen,Dani"]
[Result "1-0"]
[WhiteElo "2130"]
[BlackElo "1926"]

1.d4 Nf6 2.c4 g6 3.Nc3 d5 4.cxd5 Nxd5 5.e4 Nxc3 6.bxc3 Bg7 7.Be3 O-O 8.Bc4 c5
9.Ne2 Nc6 10.O-O Bg4 11.f3 Bd7 12.Rb1 Rc8 13.Bd3 Qc7 14.Bf4 e5 15.Bg3 cxd4
16.cxd4 Nxd4 17.Nxd4 Qc5 18.Rxb7 Bc6 19.Rb1 exd4 20.Qe2 Bd7 21.Kh1 Be6 22.Rfd1 Qa3
23.f4 Rc3 24.Be1 Rfc8 25.Bxc3 dxc3 26.e5 Bh6 27.Rf1 Qa4 28.Bc2 Qd4 29.Rbd1 Qc5
30.Qf3 Bxa2 31.f5 Qxe5 32.fxg6 hxg6 33.Qh3  1-0

[Event "36th Open"]
[Site "Badalona ESP"]
[Date "2010.08.04"]
[Round "3"]
[White "Bhat,V"]
[Black "Vidarte Morales,A"]
[Result "1/2-1/2"]
[WhiteElo "2536"]
[BlackElo "2409"]

1.d4 Nf6 2.c4 g6 3.Nc3 d5 4.cxd5 Nxd5 5.e4 Nxc3 6.bxc3 Bg7 7.Bc4 O-O 8.Ne2 Nc6
9.O-O b6 10.Bg5 Bb7 11.Qd2 Qd7 12.Rac1 Na5 13.Bd3 c5 14.d5 e6 15.c4 exd5
16.exd5 Ba6 17.Bh6 Rfe8 18.Bxg7 Kxg7 19.Ng3 Qe7 20.Qc2 Qf6 21.Rfd1 Rad8 22.Nf1 Bc8
23.Ne3 Bd7 24.Bf1  1/2-1/2

[Event "111th US Open"]
[Site "Irvine USA"]
[Date "2010.08.04"]
[Round "?"]
[White "Doubleday,W"]
[Black "Oldham,D"]
[Result "1-0"]
[WhiteElo "2081"]
[BlackElo "1956"]

1.d4 Nf6 2.c4 g6 3.Nc3 d5 4.cxd5 Nxd5 5.e4 Nxc3 6.bxc3 Bg7 7.Bc4 c5 8.Ne2 O-O
9.O-O Nc6 10.Be3 Bg4 11.f3 cxd4 12.cxd4 Na5 13.Bxf7+ Rxf7 14.fxg4 Rxf1+ 15.Kxf1 e5
16.Rc1 exd4 17.Bxd4 Qf8+ 18.Kg1 Rd8 19.Qa4 Bxd4+ 20.Nxd4 Qf4 21.Re1 Rf8 22.Nf3 Qc7
23.e5 Qc3 24.Qe4 Nc6 25.h3 Qc5+ 26.Kh2 Re8 27.h4 Re6 28.Qf4 Qe7 29.Qc4 Kg7
30.Kg3 Kf8 31.a3 h6 32.Qd5 Kg7 33.Re4 g5 34.hxg5 hxg5 35.Re3 Kh6 36.Qe4 Qh7
37.Qxh7+ Kxh7 38.Nxg5+  1-0

[Event "111th US Open"]
[Site "Irvine USA"]
[Date "2010.08.04"]
[Round "?"]
[White "Moussa,A"]
[Black "Kaufman,La"]
[Result "0-1"]
[WhiteElo "2196"]
[BlackElo "2413"]

1.d4 Nf6 2.c4 g6 3.Nc3 d5 4.cxd5 Nxd5 5.e4 Nxc3 6.bxc3 Bg7 7.Be3 c5 8.Qd2 Qa5
9.Rc1 O-O 10.Nf3 Bg4 11.Ng5 Na6 12.h3 Bd7 13.Bd3 Rac8 14.d5 c4 15.Bb1 Nc5
16.Bd4 Bh6 17.Be3 f6 18.Nf3 Bxe3 19.fxe3 e5 20.O-O b5 21.Nh4 Qb6 22.Qe1 Rf7
23.Qg3 Rg7 24.Rf3 Qd6 25.Rcf1 Rf8 26.Qf2 Na4 27.Qd2 a5 28.Bc2 b4 29.Bxa4 Bxa4
30.g4 Rgf7 31.g5 fxg5 32.Rxf7 Rxf7 33.Rxf7 Kxf7 34.Nf3 h6 35.Qh2 bxc3 36.Nd4 Qf6
37.Nc2 Qf3 38.Qxe5 Bxc2 39.Qe6+ Kg7 40.Qe7+ Qf7 41.Qe5+ Kh7 42.d6 Ba4 43.Qxc3 Bd7
44.Kg2 Qe6  0-1

[Event "36th Open"]
[Site "Badalona ESP"]
[Date "2010.08.05"]
[Round "4"]
[White "Pomes Marcet,J"]
[Black "Konguvel,P"]
[Result "0-1"]
[WhiteElo "2361"]
[BlackElo "2416"]

1.d4 Nf6 2.c4 g6 3.Nc3 d5 4.cxd5 Nxd5 5.e4 Nxc3 6.bxc3 Bg7 7.Nf3 c5 8.Rb1 O-O
9.Be2 Nc6 10.d5 Bxc3+ 11.Bd2 Bxd2+ 12.Qxd2 Na5 13.h4 Bg4 14.Ng5 Bxe2 15.Kxe2 h6
16.Nh3 Kh7 17.Qc3 b6 18.Ng5+ Kg8 19.h5 Qc8 20.Nf3 Qa6+ 21.Ke1 g5 22.Ne5 f6
23.Ng4 Kh7 24.Ne3 Rae8 25.e5 e6 26.Rd1 f5 27.dxe6 Rxe6 28.g4 Nc6 29.gxf5 Rxe5
30.Rd7+ Kg8 31.Kd1 Qxa2 32.Rc7 Qb1+ 33.Kd2 Qxh1 34.f6 Rxf6 35.Qc4+ Rfe6 36.Rc8+ Kg7  0-1

[Event "Politiken Cup"]
[Site "Copenhagen DEN"]
[Date "2010.08.05"]
[Round "7"]
[White "Porte,H"]
[Black "Peschlow,P"]
[Result "0-1"]
[WhiteElo "2130"]
[BlackElo "2311"]

1.d4 Nf6 2.c4 g6 3.Nc3 d5 4.cxd5 Nxd5 5.e4 Nxc3 6.bxc3 Bg7 7.Bc4 c5 8.Ne2 Nc6
9.Be3 cxd4 10.cxd4 Qa5+ 11.Qd2 O-O 12.Rd1 Bd7 13.O-O Qxd2 14.Rxd2 Na5 15.Bb3 Rfc8
16.d5 Nxb3 17.axb3 b5 18.b4 Rc4 19.Bc5 a5 20.f3 axb4 21.Bxe7 b3 22.Nc1 Bh6
23.f4 Rxe4 24.Bd6 Ra6 25.Bb8 Rb4 26.Rb2 Rd4 27.Be5 Rxd5 28.Nxb3 Bf8 29.Nd2 f6
30.Ne4 fxe5 31.fxe5 Bc5+ 32.Kh1 Rxe5  0-1

[Event "111th US Open"]
[Site "Irvine USA"]
[Date "2010.08.05"]
[Round "?"]
[White "Hughes,T"]
[Black "Trammell,G"]
[Result "1-0"]
[WhiteElo "2312"]
[BlackElo "2059"]

1.d4 Nf6 2.c4 g6 3.Nc3 d5 4.cxd5 Nxd5 5.e4 Nxc3 6.bxc3 Bg7 7.Qa4+ Bd7 8.Qa3 O-O
9.Bg5 f6 10.Bh4 Be6 11.Nf3 Nd7 12.Be2 Bf7 13.O-O b6 14.Rfd1 c6 15.Rac1 Qe8
16.Ba6 Rb8 17.Bg3 e5 18.Bf1 Qe6 19.d5 cxd5 20.exd5 Qe8 21.Bb5 Qc8 22.Qxa7 Rb7
23.Qa3 Nc5 24.Bc6 Rc7 25.Rb1 Rd8 26.Qb4 Nd7 27.c4 Bf8 28.Qb2 Bc5 29.Nd2 Ra7
30.Ne4 Bd4 31.Rxd4 exd4 32.Bxd7 Qxc4 33.Nxf6+ Kf8 34.Bd6+ Kg7 35.Be5 Kf8
36.Qxb6 Raxd7 37.Nxd7+ Rxd7 38.Qf6 Rb7 39.Qd8+ Be8 40.Bd6+ Kf7 41.Rxb7+  1-0

[Event "19th Open"]
[Site "Kavala GRE"]
[Date "2010.08.05"]
[Round "7"]
[White "Graf,A"]
[Black "Melkumyan,H"]
[Result "1/2-1/2"]
[WhiteElo "2590"]
[BlackElo "2606"]

1.d4 Nf6 2.c4 g6 3.Nc3 d5 4.cxd5 Nxd5 5.e4 Nxc3 6.bxc3 Bg7 7.Be3 c5 8.Qd2 Qa5
9.Rc1 O-O 10.d5 e6 11.Nf3 exd5 12.exd5 Nd7 13.Bd3 Nf6 14.c4 Qxd2+ 15.Kxd2 b6
16.h3 Re8 17.Rhe1 Ne4+ 18.Bxe4 Rxe4 19.Ng5 Re8 20.Bxc5 Ba6 21.Rxe8+ Rxe8
22.Be3 Rc8 23.c5 Rd8 24.d6 bxc5 25.Bxc5 Be5 26.Ke3 Bxd6 27.Bxd6 Rxd6 28.Rc7 Rf6
29.g4 h6 30.Ne4 Re6 31.Kd4 Bf1 32.h4 Bg2 33.Nc3 Rf6 34.Rxa7 Rf4+ 35.Ke5 Rxg4
36.Ra4 Rxa4 37.Nxa4 Kg7 38.Nc5 f6+ 39.Kf4 g5+ 40.Kg3 Bd5 41.a4 Kg6 42.a5 f5
43.a6 f4+ 44.Kg4 h5+ 45.Kh3 g4+ 46.Kh2 Kf5 47.a7 Bc6 48.Nd7 Ke4 49.Kg1 Kf5
50.Kh2 Ke4 51.Nf6+ Kf3 52.Kg1 g3 53.fxg3 Kxg3 54.Nxh5+ Kg4 55.Ng7 Kxh4 56.Kh2 Kg4  1/2-1/2

[Event "GM1 Valoz Cup"]
[Site "Olomouc CZE"]
[Date "2010.08.05"]
[Round "2"]
[White "Rojicek,V"]
[Black "Plat,V"]
[Result "1/2-1/2"]
[WhiteElo "2423"]
[BlackElo "2405"]

1.d4 Nf6 2.c4 g6 3.Nc3 d5 4.cxd5 Nxd5 5.e4 Nxc3 6.bxc3 Bg7 7.Nf3 O-O 8.Be2 c5
9.Rb1 Nc6 10.d5 Bxc3+ 11.Bd2 Bxd2+ 12.Qxd2 Nd4 13.Nxd4 cxd4 14.Qxd4 Qa5+
15.Qd2 Qxd2+ 16.Kxd2 Rd8 17.Ke3 e6 18.Bc4 exd5 19.Bxd5 Rb8 20.Rhd1 Kf8 21.Rbc1 Rd7
22.Rd3 Re7 23.Bb3 Bd7 24.Bd5 Be8 25.Rdc3 Bd7 26.Rc7 Be6 27.Bxe6 Rxe6 28.Rd7 Rbe8
29.f3 R8e7 30.Rc8+ Kg7 31.Rxe7  1/2-1/2

[Event "97th ch-GBR"]
[Site "Canterbury ENG"]
[Date "2010.08.06"]
[Round "11"]
[White "Henderson,I"]
[Black "Brown,Mart"]
[Result "0-1"]
[WhiteElo "2108"]
[BlackElo "2093"]

1.d4 Nf6 2.c4 g6 3.Nc3 d5 4.cxd5 Nxd5 5.e4 Nxc3 6.bxc3 Bg7 7.Bc4 c5 8.Ne2 O-O
9.O-O Nc6 10.Be3 Bg4 11.f3 Na5 12.Bd5 Bd7 13.Rb1 Qc8 14.a3 cxd4 15.cxd4 Be6
16.Rc1 Qd7 17.Bxe6 Qxe6 18.Qa4 Qa6 19.Nf4 b5 20.Qb4 Nc4 21.Nd5 Nxe3 22.Nxe3 e6
23.Rfd1 Rfc8 24.Rb1 Rab8 25.Rd3 Bf8 26.Qd2 Bxa3 27.Ra1 b4 28.Nc2 Qc4 29.Nxa3 bxa3
30.Rdxa3 Qc2 31.R3a2 Rb1+ 32.Rxb1 Qxb1+ 33.Kf2 Rc1 34.Kg3 Rd1 35.Qf2 Rh1
36.Rxa7 Qb8+  0-1

[Event "111th US Open"]
[Site "Irvine USA"]
[Date "2010.08.06"]
[Round "7"]
[White "Tanaka,C"]
[Black "Oldham,D"]
[Result "1-0"]
[WhiteElo "2128"]
[BlackElo "1956"]

1.d4 Nf6 2.c4 g6 3.Nc3 d5 4.cxd5 Nxd5 5.e4 Nxc3 6.bxc3 Bg7 7.Bc4 c5 8.Ne2 O-O
9.O-O Nc6 10.Be3 Bg4 11.f3 cxd4 12.cxd4 Na5 13.Bxf7+ Rxf7 14.fxg4 Rxf1+ 15.Kxf1 e5
16.d5 Nc4 17.Bf2 Qf6 18.Kg1 Rf8 19.Qe1 Bh6 20.Ng3 Qxf2+ 21.Qxf2 Be3 22.Qxe3 Nxe3
23.h3 Rc8 24.Kf2 Nc4 25.Rc1 Kf7 26.Nf1 Ke7 27.Ke2 Kd6 28.Nd2 b5 29.Rc2 Kc5
30.Kd3 Kb4 31.a3+ Kxa3 32.Nxc4+ bxc4+ 33.Rxc4 Rb8 34.Rc7 a5 35.d6 a4 36.d7 Rd8
37.Rb7 Ka2 38.Kc4 h5 39.Kd5 hxg4 40.hxg4 g5 41.Kd6 Rh8 42.Kc7 Rh7 43.Kc8 Rh1
44.d8=Q Rc1+ 45.Rc7  1-0

[Event "56th Aniv ITT"]
[Site "Villa Martelli ARG"]
[Date "2010.08.06"]
[Round "3"]
[White "Guerrero,Alv"]
[Black "Fabian,G"]
[Result "0-1"]
[WhiteElo "2267"]
[BlackElo "2260"]

1.d4 Nf6 2.c4 g6 3.Nc3 d5 4.cxd5 Nxd5 5.e4 Nxc3 6.bxc3 Bg7 7.Bc4 c5 8.Ne2 O-O
9.O-O Nc6 10.Be3 Na5 11.Bd3 b6 12.Qd2 e5 13.d5 f5 14.Bg5 Qe8 15.f3 c4 16.Bc2 f4
17.g4 h6 18.Bh4 g5 19.Bf2 h5 20.h3 Qg6 21.Nc1 Kf7 22.Be1 Rh8 23.Qg2 Bd7 24.Kf2 Rh7
25.Ne2 Bf8 26.Rh1 Bc5+ 27.Kf1 Rah8 28.Rd1 Ke8 29.Ng1 Bxg1 30.Kxg1 Rh6 31.d6 Nb7
32.Rd5 Qe6 33.gxh5 Rxh5 34.h4 Rg8 35.Kf1 gxh4 36.Qe2 Qh3+ 37.Rxh3 Bxh3+ 38.Qg2 Bxg2+
39.Kf2 h3 40.Ba4+ Kd8  0-1

[Event "FSGM August"]
[Site "Budapest HUN"]
[Date "2010.08.07"]
[Round "1"]
[White "Kosic,D"]
[Black "Varga,Zo"]
[Result "1/2-1/2"]
[WhiteElo "2488"]
[BlackElo "2473"]

1.d4 Nf6 2.c4 g6 3.Nc3 d5 4.cxd5 Nxd5 5.e4 Nxc3 6.bxc3 Bg7 7.Nf3 c5 8.Be3 Nc6
9.Rc1 Qa5 10.Qd2 cxd4 11.cxd4 Qxd2+ 12.Kxd2 O-O 13.d5 Rd8 14.Ke1  1/2-1/2

[Event "Politiken Cup"]
[Site "Copenhagen DEN"]
[Date "2010.08.07"]
[Round "9"]
[White "Ganguly,S"]
[Black "Rodshtein,M"]
[Result "1/2-1/2"]
[WhiteElo "2655"]
[BlackElo "2609"]

1.d4 Nf6 2.c4 g6 3.Nc3 d5 4.cxd5 Nxd5 5.e4 Nxc3 6.bxc3 Bg7 7.Nf3 c5 8.Rb1 O-O
9.Be2 b6 10.O-O Bb7 11.Qd3 e6 12.Bg5 Qc7 13.Qe3 Nd7 14.e5 Rae8 15.Bb5 Bc6
16.Bxc6 Qxc6 17.Bh6 f6 18.Bxg7 Kxg7 19.exf6+ Rxf6 20.Rbd1 cxd4 21.Rxd4 e5
22.Re1 Rfe6 23.Re4 Qc5 24.Qxc5 Nxc5 25.Rxe5 Rxe5 26.Nxe5 b5 27.f4 Na4 28.Re3 Re7
29.a3 Rc7 30.Nf3 a6 31.Ng5 Rxc3 32.Re7+ Kg8 33.Re8+ Kg7 34.Re7+ Kg8 35.h4 Nb6
36.Re8+ Kg7 37.Re7+ Kg8 38.Re6 Nd5 39.Rxa6 Nxf4 40.Ra8+ Kg7 41.Ra7+ Kg8 42.Nxh7 Rc2
43.g4 Ra2 44.Rb7 Nh3+ 45.Kf1 Rxa3 46.Nf6+ Kf8 47.Nd7+ Ke7 48.Ne5+ Kf6 49.Rxb5 Nf4
50.Nd7+ Ke7 51.Ne5 Ke6 52.Nc6 Rf3+ 53.Ke1 Rh3 54.Nd4+ Kd6 55.Kf2 Nd3+ 56.Kg2 Nf4+
57.Kf2 Nd3+ 58.Kg2  1/2-1/2